Statistics for Coldplay - Parachutes

Click here to take the quiz!

General Stats

  • This quiz has been taken 11 times
  • The average score is 8 of 10

Answer Stats

Answer% Correct
Spies
100%
Trouble
100%
Yellow
100%
Don't Panic
86%
Everything's Not Lost
71%
High Speed
71%
Parachutes
71%
Shiver
71%
Sparks
71%
We Never Change
57%

Score Distribution

Percentile by Number Answered

Percent of People with Each Score

Your Score History

You have not taken this quiz